Organisations criminelles de fiction - Statistiques

Statistiques générales
  • Ce quiz a été pris 13 124 fois
  • Le résultat moyen est 9 sur 22
Statistiques - réponses
Organisation criminelle Univers % Correct
Team Rocket Pokémon
93%
Akatsuki Naruto
84%
Mangemorts Harry Potter
82%
Famille Corleone Le Parrain
56%
Brigade Fantôme Hunter X Hunter
52%
Hydra Captain America
50%
Baroque Works One Piece
48%
La Triade (Los Santos) Grand Theft Auto
43%
Gang de Rastapopoulos Tintin
40%
SPECTRE James Bond
39%
Alliance des super-vilains My Hero Academia
33%
Armée du Ruban Rouge Dragon Ball
30%
Rapetou Picsou
30%
Confrérie des Mutants X-Men
28%
Clan des ninjas Foot Tortues Ninja
27%
Ravageurs Les Gardiens de la Galaxie
25%
Umbrella Corp. Resident Evil
20%
Gang des Yigas The Legend of Zelda
20%
Cartel hutts Star Wars
19%
Tartaros Fairy Tail
13%
MAD Inspecteur Gadget
12%
Gang Van der Linde Red Dead Redemption
12%
Aucun quiz correspondant
Distribution des résultats
% des personnes avec chaque résultat
Percentile par nombre de réponses
Votre historique - résultats
Vous n’avez pas pris ce quiz